| 000 | 00541nam a2200181Ia 4500 | ||
|---|---|---|---|
| 999 |
_c5905 _d5905 |
||
| 003 | OSt | ||
| 005 | 20200128121841.0 | ||
| 008 | 190216s9999||||xx |||||||||||||| ||und|| | ||
| 020 | _a8170964318 | ||
| 040 | _coclc | ||
| 082 |
_a657.45 _bPRA/A |
||
| 100 |
_a Prakash, Jagdish _91588 |
||
| 245 | 0 |
_aAuditing : Principles, practices and problems / _cJagdish Prakash |
|
| 260 |
_bKalyani Publishers, _c2000. _aNew Delhi: |
||
| 300 | _a694p | ||
| 650 | _aCommerce-Auditing | ||
| 942 |
_cBK _2ddc _h657.45 _iPRA/A _k657.45 _mPRA/A |
||